000 00854nam a22002297a 4500
005 20240530110616.0
008 161130s2015 ua g b 000 0dara d
017 _a2015/3842
_bمصر. دار الكتب
020 _a9789774279782
040 _aEG-CaGPL
_cEG-CaGPL
082 0 4 _221
_a111.85\
_bس خ
100 0 _aسعيد توفيق
245 1 2 _aالخبرة الجمالية :
_bدراسة فى فلسفة الجمال الظاهراتية /
_cسعيد توفيق
250 _aط.1.
260 _aالقاهرة :
_bالدار المصرية اللبنانية ،
_c2015.
504 _aيشتمل على ارجاعات ببليوجرافية
650 0 7 _2qrmak
_aالجمال
_xعلم
650 0 7 _2qrmak
_aالفلسفة الحديثة
650 0 7 _2qrmak
_aالجمال
942 _2ddc
_cBK
999 _c62958
_d62958